Home Print Resources E-Books E-Journals IIMT Lecture Series Library Membership Form Book Recommendation Form Campus Tour Take AdmissionAbout Us Contact Us

THE WAY OF LIVING (Record no. 54083)

000 -LEADER
fixed length control field nam a22 7a 4500
003 - CONTROL NUMBER IDENTIFIER
control field OSt
005 - DATE AND TIME OF LATEST TRANSACTION
control field 20220728161816.0
008 - FIXED-LENGTH DATA ELEMENTS--GENERAL INFORMATION
fixed length control field 220728b xxu||||| |||| 00| 0 eng d
040 ## - CATALOGING SOURCE
Transcribing agency IIMT UNIVERSITY
100 ## - MAIN ENTRY--PERSONAL NAME
Personal name KAPOOR, J.N.
245 ## - TITLE STATEMENT
Title THE WAY OF LIVING
260 ## - PUBLICATION, DISTRIBUTION, ETC.
Place of publication, distribution, etc. MEERUT
Name of publisher, distributor, etc. KRISHNA PRAKASHAN
Date of publication, distribution, etc. 2002
300 ## - PHYSICAL DESCRIPTION
Extent 92
942 ## - ADDED ENTRY ELEMENTS (KOHA)
Source of classification or shelving scheme
Koha item type Specimen
Holdings
Withdrawn status Lost status Source of classification or shelving scheme Damaged status Not for loan Home library Current library Date acquired Source of acquisition Cost, normal purchase price Barcode Date last seen Price effective from Koha item type
          IIMT University Central Library Meerut IIMT University Central Library Meerut 07/28/2022 CHAIRMAN SIR 50.00 28-S-2304 07/28/2022 07/28/2022 Religious Book
          IIMT University Central Library Meerut IIMT University Central Library Meerut 07/28/2022 CHAIRMAN SIR 50.00 28-S-2305 07/28/2022 07/28/2022 Religious Book
          IIMT University Central Library Meerut IIMT University Central Library Meerut 07/28/2022 CHAIRMAN SIR 50.00 28-S-2306 07/28/2022 07/28/2022 Religious Book
          IIMT University Central Library Meerut IIMT University Central Library Meerut 07/28/2022 CHAIRMAN SIR 50.00 28-S-2307 07/28/2022 07/28/2022 Religious Book
IIMT, Central Library. All Rights Reserved IIMT,UNIVERSITY © 2023
Implemented and Customised by I CLOUDE EMS
You Are OPAC Visitor No
free web counter

Powered by Koha